2nd Biggest Cities in Every US State - Extreme - Statistics

General Stats
  • This quiz has been taken 29 times
  • The average score is 36 of 50
Answer Stats
Hint Answer % Correct
Minnesota Saint Paul
100%
California San Diego
100%
Alaska Fairbanks
96%
Florida Jacksonville
96%
Nebraska Lincoln
96%
Georgia Augusta
91%
Louisiana Baton Rouge
91%
Arizona Tucson
91%
New York Buffalo
87%
Ohio Cleveland
87%
Colorado Colorado Springs
87%
Indiana Fort Wayne
87%
Nevada Henderson
87%
Wisconsin Madison
87%
Pennsylvania Pittsburgh
87%
Missouri St Louis
87%
Connecticut Bridgeport
83%
Hawaii Hilo
83%
New Jersey Jersey City
83%
Kentucky Lexington
83%
Tennessee Memphis
83%
North Carolina Raleigh
83%
Michigan Grand Rapids
78%
Washington Spokane
78%
Oklahoma Tulsa
78%
Alabama Birmingham
74%
Arkansas Fayetteville
74%
Texas San Antonio
74%
Oregon Eugene
70%
New Mexico Las Cruces
70%
Illinois Aurora
65%
North Dakota Bismarck
65%
Maryland Columbia
65%
South Carolina Columbia
65%
Kansas Overland Park
65%
Massachusetts Worcester
65%
Iowa Cedar Rapids
61%
Virginia Chesapeake
61%
New Hampshire Nashua
61%
Delaware Wilmington
61%
Wyoming Casper
57%
Mississippi Gulfport
57%
Montana Missoula
57%
Idaho Meridian
48%
South Dakota Rapid City
48%
Utah West Valley City
39%
West Virginia Huntington
35%
Maine Lewiston
30%
Rhode Island Warwick
30%
Vermont Essex
9%
No matching quizzes found
Score Distribution
Percent of People with Each Score
Percentile by Number Answered
Your Score History
You have not taken this quiz